000 00529nam a2200133Ia 4500
008 220216s9999 xx 000 0 und d
100 _aPrasada Rao G.S.L.H.V
245 0 _aClimate resilience agriculture: Experiences from Kerala
260 _bIn: Impact of Climate Change on Plantation Crops. (Eds. K.B. Hebbar., S. Naresh Kumar and P. Chowdappa) Daya Publishing House, Astral International, New Delhi, India, pp.219-235.
500 _aSource Year: 2017
650 _aClimate change
856 _uBook in library
942 _cJS
999 _c55698
_d55698